Highest Grossing Movies (2010) Quiz Stats

 Plays Quiz Updated Nov 3, 2017

Challenge
Share
Tweet
Score 0/30 Timer 08:00
0 Plays Today
% Correct
Toy Story 3
99.2%
Iron Man 2
94%
Despicable Me
93.7%
The Karate Kid
93.4%
Shrek Forever After
90.2%
Black Swan
89.9%
How to Train Your Dragon
89.6%
Alice in Wonderland
89.4%
Harry Potter and the Deathly Hallows Part 1
88.2%
Tangled
84.1%
TRON: Legacy
83.1%
The Twilight Saga: Eclipse
81.7%
The King's Speech
77.6%
Grown Ups
77.4%
Inception
75%
% Correct
Yogi Bear
74.7%
Robin Hood
68.1%
Megamind
67.5%
The Expendables
67.3%
The Last Airbender
61.5%
True Grit
61.5%
Salt
60.6%
The Other Guys
53.4%
Shutter Island
50.5%
The Chronicles of Narnia: The Voyage of the Dawn Treader
50%
Little Fockers
48%
Clash of the Titans
44.7%
Valentine's Day
44.4%
Due Date
37.9%
Jackass 3D
35.4%

You're not logged in!

Compare scores with friends on all Sporcle quizzes.
Join for Free
OR
Log In

You Might Also Like...

Show Comments

Extras

Top Quizzes Today


Score Distribution

Your Account Isn't Verified!

In order to create a playlist on Sporcle, you need to verify the email address you used during registration. Go to your Sporcle Settings to finish the process.

Report this User

Report this user for behavior that violates our Community Guidelines.

Details: